Online
Catalog

Le Nil et la civilisation egyptienne. / (Record no. 1513)

MARC details
000 -CABECERA
campo de control de longitud fija 00642cam a22001691 4500
001 - NÚMERO DE CONTROL
campo de control 000001622
005 - FECHA Y HORA DE LA ÚLTIMA TRANSACCIÓN
campo de control 20200929145635.0
008 - DATOS DE LONGITUD FIJA--INFORMACIÓN GENERAL
campo de control de longitud fija 740710s1926 fr abf 000 0 fre
010 ## - NÚMERO DE CONTROL DE LA BIBLIOTECA DEL CONGRESO
Número de control de LC 26017943
040 ## - FUENTE DE LA CATALOGACIÓN
Centro catalogador/agencia de origen DO-SdBNP
Lengua de catalogación spa
Centro/agencia transcriptor BNPHU
100 1# - ENTRADA PRINCIPAL--NOMBRE DE PERSONA
Nombre de persona Moret, Alexandre,
Fechas asociadas al nombre 1868-1938.
9 (RLIN) 5309
245 13 - MENCIÓN DE TÍTULO
Título Le Nil et la civilisation egyptienne. /
Mención de responsabilidad, etc. Avec 79 figures et 3 cartes dans le texte et 24 planches hors texte. Par A. Moret ...
260 ## - PUBLICACIÓN, DISTRIBUCIÓN, ETC.
Lugar de publicación, distribución, etc. Paris, :
Nombre del editor, distribuidor, etc. Renaissance du livre,
Fecha de publicación, distribución, etc. 1926.
300 ## - DESCRIPCIÓN FÍSICA
Extensión xvii p., :
Otras características físicas ils. ;
Dimensiones 20 cm.
490 0# - MENCIÓN DE SERIE
Mención de serie L'evolution de l'humanite, synthese collective. [1. section. no 7]
504 ## - NOTA DE BIBLIOGRAFÍA, ETC.
Nota de bibliografía, etc. "Bibliographie": p. [553]-554.
Holdings
Estado de retiro Estado de pérdida Restricciones de uso No para préstamo Código de colección Localización permanente Ubicación/localización actual Ubicación en estantería Fecha de adquisición Número de inventario Total de préstamos Signatura topográfica completa Código de barras Fecha visto por última vez Precio válido a partir de Tipo de ítem Koha
    Préstamo interno   Monografías: Libros y Folletos General General Depósito 22.09.2009 LF1   1622-10 25.06.2020 25.06.2020 Préstamo interno

Powered by Koha